Library Banner

Why we make mistakes : (Record no. 88634)

MARC details
000 -LEADER
fixed length control field 00849cam a2200205 a 4500
001 - CONTROL NUMBER
control field 15366006
005 - DATE AND TIME OF LATEST TRANSACTION
control field 20161111110644.0
008 - FIXED-LENGTH DATA ELEMENTS--GENERAL INFORMATION
fixed length control field 080714s2009 nyua b 001 0 eng
020 ## - INTERNATIONAL STANDARD BOOK NUMBER
International Standard Book Number 9780767928069
040 ## - CATALOGING SOURCE
Transcribing agency PK-LaUMT
082 00 - DEWEY DECIMAL CLASSIFICATION NUMBER
Classification number 153
Edition number 22
Item number HAL-W
100 1# - MAIN ENTRY--PERSONAL NAME
Personal name Hallinan, Joseph T.
245 10 - TITLE STATEMENT
Title Why we make mistakes :
Remainder of title how we look without seeing, forget things in seconds, and are all pretty sure we are way above average /
Statement of responsibility, etc Joseph T. Hallinan
260 ## - PUBLICATION, DISTRIBUTION, ETC. (IMPRINT)
Place of publication, distribution, etc New York :
Name of publisher, distributor, etc Broadway Books,
Date of publication, distribution, etc 2009
300 ## - PHYSICAL DESCRIPTION
Extent 283 p. :
Other physical details ill. ;
Dimensions 22 cm.
520 ## - SUMMARY, ETC.
Summary, etc Hallinan sets out to explore the captivating science of human error, and delves into psychology, neuroscience, and economics to discover why some of the same qualities that make us efficient also make us error-prone.
650 #0 - SUBJECT ADDED ENTRY--TOPICAL TERM
Topical term or geographic name as entry element Failure (Psychology)
650 #0 - SUBJECT ADDED ENTRY--TOPICAL TERM
Topical term or geographic name as entry element Errors.
942 ## - ADDED ENTRY ELEMENTS (KOHA)
Koha item type Books
Holdings
Withdrawn status Lost status Damaged status Home library Current library Date acquired Full call number Barcode Date last seen Price effective from Koha item type
      UMT Main Campus UMT Main Campus 2016-11-11 153 HAL-W 102732 2023-12-29 2016-11-11 Books